000 00698cam a22002171 4500
001 3583116
005 20180301082059.0
008 730515s1954 nyuach b 000 0ceng
010 _a 54011180
040 _aDLC
_cDLC
_dDLC
041 _aeng
043 _an-usp--
080 _a978 DAV
082 0 0 _a978 DAV
100 1 _a16
101 _aHIS
245 1 0 _aPictorial history of the wild West;
_cby James D. Horan and Paul Sann.
504 _aBibliography: p. 248-250.
906 _a7
_bcbc
_corignew
_du
_eocip
_f19
_gy-gencatlg
942 _2ddc
_cBK
999 _c43853
_d43853